| 000 -LEADER |
| fixed length control field |
00817cam a2200229 a 4500 |
| 001 - CONTROL NUMBER |
| control field |
4511385 |
| 005 - DATE AND TIME OF LATEST TRANSACTION |
| control field |
20180213065942.0 |
| 008 - FIXED-LENGTH DATA ELEMENTS--GENERAL INFORMATION |
| fixed length control field |
980211s1997 enk d 000 0 eng |
| 010 ## - LIBRARY OF CONGRESS CONTROL NUMBER |
| LC control number |
98114283 |
| 020 ## - INTERNATIONAL STANDARD BOOK NUMBER |
| International Standard Book Number |
0198601336 |
| 040 ## - CATALOGING SOURCE |
| Original cataloging agency |
DLC |
| Transcribing agency |
DLC |
| Modifying agency |
DLC |
| 041 0# - LANGUAGE CODE |
| Language code of text/sound track or separate title |
engger |
| 080 ## - UNIVERSAL DECIMAL CLASSIFICATION NUMBER |
| Universal Decimal Classification number |
433.21 CLA |
| 082 00 - DEWEY DECIMAL CLASSIFICATION NUMBER |
| Classification number |
433.21 CLA |
| Edition number |
21 |
| 100 ## - Rafti |
| Rafti |
23 |
| 101 ## - Shkurtesa |
| Shkurtesa |
FJA |
| 245 04 - TITLE STATEMENT |
| Title |
The Concise Oxford-Duden German dictionary : |
| Statement of responsibility, etc |
edited by the Dudenredaktion and the German Section of the Oxford University Press Dictionary Dept. ; chief editors, M. Clark, O. Thyen. |
| 246 30 - VARYING FORM OF TITLE |
| Title proper/short title |
Oxford-Duden German dictionary |
| 906 ## - LOCAL DATA ELEMENT F, LDF (RLIN) |
| a |
7 |
| b |
cbc |
| c |
orignew |
| d |
2 |
| e |
ncip |
| f |
19 |
| g |
y-gencatlg |
| 942 ## - ADDED ENTRY ELEMENTS (KOHA) |
| Source of classification or shelving scheme |
|
| Item type |
Books |